Mario Party 8 Minigames - Statistics

General Stats
  • This quiz has been taken 12 times
  • The average score is 19 of 81
Answer Stats
Hint Answer % Correct
Free-for-All At the Chomp Wash
71%
Free-for-All Shake It Up
71%
Duel Shake It Up
71%
2-vs-2 Winner or Dinner
71%
Free-for-All Crank to Rank
57%
Free-for-All Flip the Chimp
57%
Duel Flip the Chimp
57%
2-vs-2 Paint Misbehavin'
57%
Duel Paint Misbehavin'
57%
Free-for-All Rudder Madness
57%
Battle Aim of the Game
43%
Duel Aim of the Game
43%
2-vs-2 Boo-ting Gallery
43%
Free-for-All In the Nick of Time
43%
1-vs-3 Snow Way Out
43%
Duel Specter Inspector
43%
Free-for-All Alpine Assault
29%
Duel Attention Grabber
29%
Duel Balancing Act
29%
Duel Blazing Lassos
29%
Duel Breakneck Building
29%
2-vs-2 Bumper Balloons
29%
Duel Bumper Balloons
29%
Extra Canyon Cruisers
29%
Duel Cardiators
29%
Battle Glacial Meltdown
29%
1-vs-3 Gun the Runner
29%
Free-for-All Kartastrophe
29%
Duel Lava Lobbers
29%
Free-for-All Lava or Leave 'Em
29%
Free-for-All Mario Matrix
29%
Free-for-All Mosh-Pit Playroom
29%
Challenge Pour to Score
29%
Free-for-All Scooter Pursuit
29%
Duel Settle It in Court
29%
Free-for-All Treacherous Tightrope
29%
Duel You're the Bob-omb
29%
1-vs-3 Bob-ombs Away
14%
1-vs-3 Chump Rope
14%
2-vs-2 Crops 'n' Robbers
14%
Battle Cut from the Team
14%
Duel Frozen Assets
14%
Challenge Fruit Picker
14%
1-vs-3 Grabbin' Gold
14%
2-vs-2 Grabby Gridiron
14%
Duel Ion the Prize
14%
2-vs-2 King of the Thrill
14%
2-vs-2 Lean, Mean Ravine
14%
Duel Lob to Rob
14%
Duel Loco Motives
14%
Extra Moped Mayhem
14%
Duel Pumper Cars
14%
Duel Rotation Station
14%
2-vs-2 Rowed to Victory
14%
Battle Saucer Swarm
14%
Duel Saucer Swarm
14%
Battle Snipe for the Picking
14%
Free-for-All Speedy Graffiti
14%
Challenge Stampede
14%
Last Superstar Showdown
14%
1-vs-3 Swervin' Skies
14%
Free-for-All Swing Kings
14%
Duel Swing Kings
14%
1-vs-3 Thrash 'n' Crash
14%
Free-for-All Water Ski Spree
14%
Duel Wing and a Scare
14%
Extra Chomping Frenzy
0%
Duel Cosmic Slalom
0%
Duel Eyebrawl
0%
Extra Flagging Rights
0%
1-vs-3 Picture Perfect
0%
1-vs-3 Power Trip
0%
Free-for-All Punch-a-Bunch
0%
Extra Puzzle Pillars
0%
Free-for-All Sick and Twisted
0%
Extra Star Carnival Bowling
0%
2-vs-2 Sugar Rush
0%
Duel Sugar Rush
0%
Duel Surf's Way Up
0%
Extra Table Menace
0%
Extra Trial by Tile
0%
No matching quizzes found
Score Distribution
Percent of People with Each Score
Percentile by Number Answered
Your Score History
You have not taken this quiz